[Event "AUTO-INT-3085"]
[Site "http://www.queenalice.com/game.php?id=1399646"]
[Date "2015.12.20"]
[Round "1"]
[White "ibgnarly"]
[Black "commodoro"]
[Result "1-0"]
[WhiteElo "1949"]
[BlackElo "1571"]

1. e4 e6 2. d4 d5 3. Nc3 Nf6 4. e5 Nfd7 5. f4 c5 6. Nf3 f6 7. Be3 b6 8. f5 Kf7
9. fxe6+ Kxe6 10. Nxd5 Kxd5 11. Ng5 fxg5 12. Qf3+ Ke6 13. Bc4+ Ke7 14. Qf7# 1-0

[Event "AUTO-INT-3085"]
[Site "http://www.queenalice.com/game.php?id=1399647"]
[Date "2015.12.20"]
[Round "1"]
[White "commodoro"]
[Black "MePa"]
[Result "0-1"]
[WhiteElo "1622"]
[BlackElo "1629"]

1. e4 e5 2. Nf3 Nc6 3. d4 exd4 4. Nxd4 Bc5 5. Be3 Qf6 6. c3 Nge7 7. Nxc6 Bxe3 8.
fxe3 Nxc6 9. Qf3 Qe7 10. Bc4 d6 11. O-O Be6 12. Bb3 O-O-O 13. Nd2 Rhf8 14. Nc4
Kb8 15. Rfd1 f5 16. g3 Bxc4 17. Bxc4 fxe4 18. Qe2 Ne5 19. Rf1 g6 20. Bd5 Nd3 21.
b4 Qe5 22. Bf7 Qxc3 23. a3 Rxf7 24. Qa2 Rxf1+ 25. Rxf1 Ne5 26. Qf2 Nf3+ 27. Kg2
Qxa3 28. Qc2 Qxb4 29. Rc1 Qd2+ 30. Kh3 Qxc2 31. Rxc2 d5 32. g4 b6 33. Kg3 c5 34.
Kf4 a5 35. Rb2 Kb7 36. g5 c4 37. h3 Kc6 38. Rb1 a4 39. Rh1 a3 40. h4 a2 41. Kg4
Ra8 0-1

[Event "AUTO-INT-3085"]
[Site "http://www.queenalice.com/game.php?id=1399648"]
[Date "2015.12.20"]
[Round "1"]
[White "MePa"]
[Black "commodoro"]
[Result "1-0"]
[WhiteElo "1605"]
[BlackElo "1594"]

1. e4 e6 2. d4 d5 3. Nc3 Bb4 4. Ne2 Nf6 5. a3 Ba5 6. Bg5 h6 7. Bh4 g5 8. Bg3
dxe4 9. b4 Bb6 10. Na4 Bd7 11. Nxb6 axb6 12. c4 b5 13. Nc3 c6 14. cxb5 cxb5 15.
Nxb5 O-O 16. Be5 Ng4 17. Bd6 Re8 18. Qxg4 f5 19. Qh5 Kg7 20. Be5+ Kh7 21. Qf7#
1-0

[Event "Challenge"]
[Site "http://www.queenalice.com/game.php?id=1400429"]
[Date "2015.12.25"]
[Round "-"]
[White "commodoro"]
[Black "armandocosta"]
[Result "0-1"]
[WhiteElo "1571"]
[BlackElo "1849"]

1. e4 c5 2. d4 Nc6 3. c3 e6 4. d5 exd5 5. exd5 Ne5 6. Nf3 Bd6 7. c4 Nf6 8. Bf4
Qe7 9. Qe2 Nxf3+ 10. gxf3 Qxe2+ 11. Bxe2 Bxf4 12. O-O d6 13. Na3 Bd7 14. Nb5
Bxb5 15. cxb5 Nxd5 16. Rfd1 O-O 17. Rxd5 Rfe8 18. Bc4 Re7 19. Rxd6 Bxd6 20. a4
Rae8 21. Kg2 Re1 22. Rxe1 Rxe1 23. b3 g5 24. Kh3 h5 25. a5 Kg7 26. Bd3 Rh1 27.
Kg2 Rxh2+ 28. Kf1 Rh4 29. b6 axb6 30. axb6 Rb4 0-1

[Event "Challenge"]
[Site "http://www.queenalice.com/game.php?id=1404448"]
[Date "2016.1.15"]
[Round "-"]
[White "commodoro"]
[Black "Sergio50"]
[Result "1-0"]
[WhiteElo "1565"]
[BlackElo "1432"]

1. e4 e5 2. Nf3 d6 3. d4 f6 4. Bb5+ c6 5. Ba4 Qa5+ 6. Nc3 b5 7. Bb3 Bg4 8. O-O
Qc7 9. h3 Bxf3 10. gxf3 Qf7 11. Bxf7+ Kxf7 12. d5 a6 13. dxc6 Nxc6 14. Qd5+ Ke7
15. Qxc6 Rd8 16. Nd5+ Ke6 17. Qxa6 Ne7 18. Nc7+ Kd7 19. Qb7 Rc8 20. Nxb5+ Kd8
21. Nxd6 h5 22. Rd1 Rc7 23. Qb8+ Kd7 24. Nb5+ Nd5 25. Rxd5+ Kc6 26. Qxc7# 1-0

[Event "AUTO-INT-3103"]
[Site "http://www.queenalice.com/game.php?id=1408225"]
[Date "2016.2.8"]
[Round "1"]
[White "Danado"]
[Black "commodoro"]
[Result "0-1"]
[WhiteElo "1590"]
[BlackElo "1578"]

1. Nf3 d5 2. h3 Nc6 3. d4 Bf5 4. a3 Qd6 5. e3 Nf6 6. Nc3 O-O-O 7. Ng5 Bg6 8. Bd3
Bxd3 9. cxd3 Rg8 10. Nxf7 Qd7 11. Nxd8 Kxd8 12. Qf3 e5 13. dxe5 Nxe5 14. Qe2 d4
15. exd4 Qxd4 16. Qe3 Nxd3+ 17. Kd2 Qxe3+ 18. fxe3 Nxc1 19. Raxc1 c6 20. Rcd1
Kc7 21. Kc2 Bd6 22. Rd2 Re8 23. Nd1 Ne4 24. Rd4 b5 25. Nc3 Nxc3 26. Kxc3 Rxe3+
27. Rd3 Re2 28. g4 Be5+ 29. Kb4 Bxb2 30. Rhd1 Bf6 31. Ka5 Re4 32. Rd7+ Kb8 0-1

[Event "AUTO-INT-3103"]
[Site "http://www.queenalice.com/game.php?id=1408226"]
[Date "2016.2.8"]
[Round "1"]
[White "commodoro"]
[Black "Danado"]
[Result "1-0"]
[WhiteElo "1576"]
[BlackElo "1636"]

1. e4 e5 2. d4 exd4 3. Qxd4 Nc6 4. Qe3 a6 5. c4 d6 6. Nc3 Nb4 7. Bd3 Be6 8. Bd2
Bxc4 9. Bxc4 Nc2+ 10. Ke2 Nxe3 11. Bxe3 h6 12. Nf3 Qf6 13. Nd5 Qxb2+ 14. Nd2 b5
15. Rab1 Qe5 16. Bd3 Ne7 17. Nxc7+ Kd8 18. Nxa8 Nc8 19. Nb6 Be7 20. Rbc1 Nxb6
21. Bxb6+ Kd7 22. Nf3 Qb2+ 23. Rc2 Qb4 24. Rhc1 Ke6 25. Bd4 1-0

[Event "AUTO-INT-3103"]
[Site "http://www.queenalice.com/game.php?id=1408239"]
[Date "2016.2.8"]
[Round "1"]
[White "joao37"]
[Black "commodoro"]
[Result "0-1"]
[WhiteElo "1455"]
[BlackElo "1594"]

1. e4 e5 2. d4 exd4 3. Qxd4 Nc6 4. Qa4 d5 5. Bd3 Nf6 6. Bb5 Nxe4 7. Nc3 Nxc3 8.
Qb3 Nxb5 9. Qe3+ Be6 10. Nf3 d4 11. Qd3 Qd5 12. O-O O-O-O 13. Ng5 h6 14. Nf3 Nb4
15. Qd2 d3 16. c3 Nxa2 17. Qe1 g5 18. Ne5 Nxc1 19. Rxc1 d2 20. Rd1 dxe1=Q 21.
Rfxe1 Qb3 22. Rxd8+ Kxd8 23. c4 Bxc4 24. g3 Bb4 25. Nxc4 Bxe1 26. Ne5 Rf8 0-1

[Event "AUTO-INT-3103"]
[Site "http://www.queenalice.com/game.php?id=1408240"]
[Date "2016.2.8"]
[Round "1"]
[White "commodoro"]
[Black "joao37"]
[Result "1/2-1/2"]
[WhiteElo "1587"]
[BlackElo "1390"]

1. e4 d5 2. exd5 Qxd5 3. Nc3 Qe5+ 4. Be2 Be6 5. Nf3 Qc5 6. d4 Qf5 7. d5 Bd7 8.
O-O e6 9. Be3 exd5 10. Nxd5 Bd6 11. a4 Nf6 12. Nxc7+ Bxc7 13. Nh4 Qe5 14. Nf3
Qxb2 15. Rb1 Qc3 16. Rxb7 Bb6 17. Bd4 Qc6 18. Rxb6 Qc7 19. a5 Nc6 20. Qa1 axb6
21. Bxb6 Qb7 22. Qc3 O-O 23. Ra1 Ne4 24. Qe3 Rae8 25. a6 Qb8 26. Ng5 Nxg5 27. a7
Nxa7 28. Bxa7 Qd8 29. Qd3 Bc6 30. Bc5 Ne6 31. Bxf8 Nxf8 32. h3 Qg5 33. Bf3 Bb5
34. c4 Rd8 35. Qe4 Qg6 36. cxb5 Qf6 37. Ra8 Rxa8 38. Qxa8 g6 39. Qb8 Qa1+ 40.
Kh2 f6 41. b6 Qe5+ 42. Qxe5 fxe5 43. b7 Nd7 44. g4 Kg7 45. Kg3 h6 46. h4 Kf6 47.
Be4 g5 48. Bc6 Nb8 49. h5 Ke6 50. Kf3 Kd6 51. Be4 Kc7 52. Kg3 Na6 53. f4 exf4+
54. Kf3 Nc5 55. Bd5 Nd7 56. Be6 Ne5+ 57. Ke4 Nc6 58. Bd5 Nb4 59. Kd4 Nc2+ 60.
Ke5 Ne3 61. Bf3 Nc4+ 62. Kf5 Nd2 63. Bg2 f3 64. Bxf3 Nxf3 65. Kg6 Ne5+ 66. Kxh6
Nxg4+ 67. Kxg5 Ne5 68. b8=Q+ Kxb8 69. h6 Nf7+ 70. Kg6 Nxh6 71. Kxh6 Kc7 72. Kg6
1/2-1/2

[Event "AUTO-INT-3103"]
[Site "http://www.queenalice.com/game.php?id=1408249"]
[Date "2016.2.8"]
[Round "1"]
[White "commodoro"]
[Black "rodrigofortes"]
[Result "1-0"]
[WhiteElo "1579"]
[BlackElo "1546"]

1. e4 e5 2. d4 Nf6 3. Nc3 Bb4 4. a3 Bxc3+ 5. bxc3 O-O 6. Bg5 Qe8 7. Bxf6 gxf6 8.
Rb1 d6 9. Nf3 f5 10. exf5 Bxf5 11. dxe5 dxe5 12. Rxb7 Bg4 13. Be2 Qc6 14. Qd2
Qxb7 15. O-O f6 16. Nh4 Qe4 17. f3 Bxf3 18. Nxf3 Nc6 19. Bd3 Qf4 20. g3 Qxd2 21.
Nxd2 Rad8 22. Ne4 Kg7 23. Nc5 Kf7 24. Bc4+ Kg6 25. Ne6 Na5 26. Bd3+ f5 27. Nxd8
e4 28. Ne6 Rf6 29. Nf4+ Kg5 30. Be2 Nc6 31. h4+ Kh6 32. Nd5 Rf7 33. g4 Rg7 34.
Rxf5 Nd4 35. Rf6+ Rg6 36. g5+ Kg7 37. Bh5 Rxf6 38. gxf6+ Kh6 39. Nf4 Nxc2 40. f7
Kg7 41. Ne6+ Kh6 42. f8=Q+ Kxh5 43. Qf4 e3 44. Qe4 c5 45. Qxc2 Kxh4 46. Qe4+ Kh3
47. Qxe3+ Kg4 48. Qf4+ Kh3 49. Ng5# 1-0

[Event "AUTO-INT-3103"]
[Site "http://www.queenalice.com/game.php?id=1408250"]
[Date "2016.2.8"]
[Round "1"]
[White "rodrigofortes"]
[Black "commodoro"]
[Result "1-0"]
[WhiteElo "1536"]
[BlackElo "1606"]

1. e4 e5 2. Nf3 Nc6 3. Bb5 a6 4. Bxc6 dxc6 5. O-O Bg4 6. h3 Bh5 7. d3 Bxf3 8.
Qxf3 Qd7 9. Nd2 O-O-O 10. a4 Nf6 11. a5 Bc5 12. Nb3 b6 13. Nxc5 Qd6 14. Nxa6 Kb7
15. axb6 cxb6 16. b3 Ra8 17. Ba3 Qe6 18. Nc5+ bxc5 19. Qe3 Nd7 20. Qd2 h5 21.
Qc3 g5 22. Bxc5 Rxa1 23. Qb4+ Kc7 24. Rxa1 Rb8 25. Qa5+ Nb6 26. Qd2 g4 27. h4
Ra8 28. Rxa8 Nxa8 29. Qa5+ Nb6 30. Qa7+ Kd8 31. Bxb6+ Ke8 32. Qb8+ Ke7 33. Qd8#
1-0

[Event "AUTO-INT-3109"]
[Site "http://www.queenalice.com/game.php?id=1410784"]
[Date "2016.2.23"]
[Round "1"]
[White "thom82"]
[Black "commodoro"]
[Result "1-0"]
[WhiteElo "1839"]
[BlackElo "1604"]

1. e4 Nf6 2. e5 Ng4 3. Qxg4 d6 4. Qa4+ Nc6 5. Bb5 dxe5 6. Bxc6+ bxc6 7. Nf3 Qd6
8. O-O g6 9. Nc3 Bg7 10. Re1 Bd7 11. d4 exd4 12. Ne4 Qe6 13. Nc5 Qd5 14. Qa5 Qd6
15. Nb7 Qe6 16. Rxe6 Bxe6 17. Bf4 O-O 18. Rd1 1-0

[Event "AUTO-INT-3109"]
[Site "http://www.queenalice.com/game.php?id=1410785"]
[Date "2016.2.23"]
[Round "1"]
[White "commodoro"]
[Black "thom82"]
[Result "0-1"]
[WhiteElo "1606"]
[BlackElo "1879"]

1. e4 e5 2. Nf3 Nc6 3. d4 Bb4+ 4. c3 Ba5 5. dxe5 d6 6. exd6 cxd6 7. Bc4 h6 8.
O-O Bb6 9. Qd5 Be6 10. Qd3 a6 11. Be3 Bxe3 12. fxe3 Bxc4 13. Qxc4 Nge7 14. Nh4
Ne5 15. Qb3 O-O 16. Qxb7 N7c6 17. Qb3 Qxh4 18. Nd2 Ng4 19. Rf4 Qxh2+ 20. Kf1
Nxe3+ 21. Ke2 Qxf4 22. Qb7 Ne5 23. g3 Qxg3 24. Rf1 Rfb8 25. Qc7 Nxf1 26. Kxf1
Rxb2 27. Qxd6 Rab8 28. Nc4 Qf2# 0-1

[Event "AUTO-INT-3109"]
[Site "http://www.queenalice.com/game.php?id=1410800"]
[Date "2016.2.23"]
[Round "1"]
[White "sss"]
[Black "commodoro"]
[Result "0-1"]
[WhiteElo "1506"]
[BlackElo "1594"]

1. c4 e5 2. d4 d5 3. e3 Nc6 4. c5 a6 5. Nc3 Nf6 6. f3 exd4 7. exd4 Be7 8. Bg5 h6
9. Bxf6 Bxf6 10. Nge2 O-O 11. Qd3 Nb4 12. Qd1 Bf5 13. Rc1 Nd3+ 14. Qxd3 Bxd3 15.
Kd2 Bxe2 16. Bxe2 Bxd4 0-1

[Event "AUTO-INT-3109"]
[Site "http://www.queenalice.com/game.php?id=1410801"]
[Date "2016.2.23"]
[Round "1"]
[White "commodoro"]
[Black "sss"]
[Result "1/2-1/2"]
[WhiteElo "1624"]
[BlackElo "1700"]

1. e4 e5 2. Bc4 Nf6 3. Nc3 Bc5 4. Nf3 d6 5. h3 Nc6 6. O-O Qe7 7. Nd5 Qd8 8. c3
a5 9. d3 h6 10. Be3 Be6 11. Nxf6+ Qxf6 12. Bxc5 dxc5 13. a4 Rd8 14. Bb5 Bd7 15.
Qd2 Qg6 16. Nh4 Qg5 17. Nf3 Qxd2 18. Nxd2 Ne7 19. Nf3 Ng6 20. Rfd1 Nf4 21. Nxe5
c6 22. Bc4 b5 23. axb5 cxb5 24. Nxf7 bxc4 25. dxc4 Kxf7 26. Rxa5 Rhe8 27. Rxc5
Ne6 28. Rcd5 Re7 29. c5 Ke8 30. b4 Bc6 31. R5d2 Bxe4 32. b5 Rxd2 33. Rxd2 Nxc5
34. b6 Kf7 35. f3 Bb7 36. c4 Re6 37. Rb2 Ke7 38. g4 Na4 39. Rb3 Nxb6 40. c5 Kd7
41. cxb6 Kc6 42. Kf2 Kc5 43. h4 Rxb6 44. Rxb6 Kxb6 45. f4 Kc5 46. g5 Kd6 47.
gxh6 gxh6 48. Kg3 Bc8 49. h5 Ke7 50. Kf3 Kf6 51. Kg3 Kf5 52. Kh4 Kxf4 1/2-1/2

[Event "AUTO-INT-3109"]
[Site "http://www.queenalice.com/game.php?id=1410812"]
[Date "2016.2.23"]
[Round "1"]
[White "commodoro"]
[Black "daniel0176"]
[Result "1-0"]
[WhiteElo "1606"]
[BlackElo "1662"]

1. e4 d5 2. Nc3 d4 3. Nd5 Be6 4. Bc4 c6 5. Qf3 b5 6. Bb3 a5 7. a4 Nh6 8. axb5
Bg4 9. Qf4 cxd5 10. Bxd5 e6 11. Bxa8 Bd6 12. e5 Bc7 13. h3 Bf5 14. d3 O-O 15.
Nf3 Nd7 16. Be4 Bxe4 17. Qxe4 Nc5 18. Qc6 Bb6 19. Nxd4 Nf5 20. Nxf5 exf5 21. Be3
Re8 22. d4 Ne6 23. d5 Bxe3 24. fxe3 Qh4+ 25. Kd1 Rd8 26. Rxa5 Qh5+ 27. Kc1 Qe2
28. Ra8 Qxe3+ 29. Kb1 Qxe5 30. Rd1 h5 31. dxe6 Rf8 32. exf7+ Kh8 33. Rxf8+ 1-0

[Event "AUTO-INT-3109"]
[Site "http://www.queenalice.com/game.php?id=1410813"]
[Date "2016.2.23"]
[Round "1"]
[White "daniel0176"]
[Black "commodoro"]
[Result "0-1"]
[WhiteElo "1643"]
[BlackElo "1604"]

1. e4 Nf6 2. Nc3 d5 3. Bd3 e5 4. h3 h6 5. Nf3 Nc6 6. O-O dxe4 7. Bxe4 Nxe4 8.
Nxe4 Bd6 9. Nc3 O-O 10. a3 a6 11. Nd5 Nd4 12. Nxd4 exd4 13. d3 c6 14. Nc3 dxc3
15. bxc3 Qa5 16. Bd2 Qe5 17. g3 Bxh3 18. Bf4 Qf6 19. Bxd6 Qxd6 20. Re1 Qd5 21.
c4 Qg2# 0-1

[Event "Challenge"]
[Site "http://www.queenalice.com/game.php?id=1414463"]
[Date "2016.3.22"]
[Round "-"]
[White "dejami"]
[Black "commodoro"]
[Result "1-0"]
[WhiteElo "1776"]
[BlackElo "1627"]

1. e4 e5 2. Bc4 Nf6 3. Qf3 c6 4. d3 d5 5. Bb3 Na6 6. a3 Nc5 7. h3 Nxb3 8. cxb3
h6 9. Nd2 a6 10. b4 a5 11. b5 cxb5 12. Qg3 Qc7 13. Ngf3 dxe4 14. Nxe4 Nxe4 15.
dxe4 f6 16. Qg6+ Qf7 17. Qg3 b4 18. a4 Bd6 19. Nh4 g5 20. Nf3 b3 21. Nd2 f5 22.
Qd3 fxe4 23. Qxd6 Qf5 24. O-O h5 25. Nc4 Ra6 26. Qb8 O-O 27. Qxe5 Qxe5 28. Nxe5
Rf5 29. Nc4 Be6 30. Ne3 Re5 31. Rd1 b5 32. Rd8+ Kf7 33. Bd2 b4 34. Rc1 Kf6 35.
Rc7 g4 36. h4 Bd5 37. Rh8 Re7 38. Nxd5+ Kg7 39. Rxe7+ Kxh8 40. Re5 Rc6 41. Rxh5+
Kg7 42. Rg5+ Kh6 43. Rg8+ Kh5 44. Rh8+ Rh6 45. Rxh6# 1-0

[Event "AUTO-INT-3103"]
[Site "http://www.queenalice.com/game.php?id=1442440"]
[Date "2016.9.23"]
[Round "2"]
[White "deathbydixxon"]
[Black "commodoro"]
[Result "1/2-1/2"]
[WhiteElo "1785"]
[BlackElo "1597"]

1. e4 e5 2. Nf3 Nc6 3. d4 exd4 4. Nxd4 Nf6 5. Nxc6 bxc6 6. Bg5 h6 7. Bh4 g5 8.
Bg3 Nxe4 9. Qd4 Qe7 10. Qxh8 Nxg3+ 11. Kd1 Nxh1 12. Bd3 Nxf2+ 13. Kd2 Qd6 14.
Nc3 Nxd3 15. cxd3 Ba6 16. Re1+ Kd8 17. Re3 f6 18. Ne4 Qb4+ 19. Kc1 Qe7 20. Qxf6
Bg7 21. Qxe7+ Kxe7 22. Nc5+ Kd6 23. Nxa6 c5 24. b4 cxb4 25. Nxb4 Rb8 26. a3 c5
27. Nc2 Kd5 28. Re7 Be5 29. Rxd7+ Bd6 30. Rxa7 Bxh2 31. Rh7 Bf4+ 32. Kd1 g4 33.
Rf7 Bg5 34. Rf5+ Kd6 35. a4 Ra8 36. d4 cxd4 37. Nxd4 Rxa4 38. Nb5+ Kc6 39. Nc3
Ra1+ 40. Kc2 Rg1 41. Rf2 g3 42. Re2 Bf4 43. Kd3 Kd6 44. Ke4 Rf1 45. Nb5+ Ke6 46.
Nd4+ Kf6 47. Nf3 Rf2 48. Kd3 Kf5 49. Rxf2 gxf2 50. Ke2 Bg3 51. Kf1 h5 52. Nd4+
Kg4 53. Ne2 h4 54. Nd4 h3 55. gxh3+ Kxh3 56. Nf3 Kg4 57. Nd2 Kf4 58. Kg2 Bh4 59.
Nf1 Ke4 60. Kh3 Bg5 61. Kg4 Be3 62. Kg3 Kd3 63. Kf3 Bc5 64. Ng3 Kd2 65. Nf1+ Ke1
66. Kg2 Ke2 67. Ng3+ Ke1 68. Nf1 Ke2 69. Ng3+ Ke1 70. Nf1 Ke2 71. Ng3+ Ke1 72.
Nf1 1/2-1/2

[Event "AUTO-INT-3103"]
[Site "http://www.queenalice.com/game.php?id=1442441"]
[Date "2016.9.23"]
[Round "2"]
[White "commodoro"]
[Black "deathbydixxon"]
[Result "0-1"]
[WhiteElo "1607"]
[BlackElo "1748"]

1. e4 e5 2. Nf3 d6 3. d4 Nc6 4. Bb5 Bg4 5. h3 Bxf3 6. gxf3 a6 7. Bxc6+ bxc6 8.
dxe5 dxe5 9. Qxd8+ Rxd8 10. f4 exf4 11. Bxf4 Bd6 12. Bxd6 cxd6 13. Nc3 Nf6 14.
O-O-O O-O 15. e5 dxe5 16. Rhe1 Rxd1+ 17. Nxd1 e4 18. Nc3 Re8 19. a3 h5 20. Re3
g5 21. f3 Kg7 22. fxe4 h4 23. Kd2 Kg6 24. b4 Kh5 25. e5 Rd8+ 26. Ke2 Nd5 27.
Nxd5 Rxd5 28. c4 Rd7 29. Kf2 Re7 30. Kg2 Re6 31. a4 f5 32. b5 cxb5 33. cxb5 axb5
34. axb5 f4 35. Re4 Kg6 36. Kf3 Kf5 37. b6 Rxb6 38. e6 Rxe6 39. Rxe6 Kxe6 40.
Kf2 Kf5 41. Kf3 g4+ 42. hxg4+ Kg5 43. Kg2 Kxg4 44. Kg1 Kg3 45. Kf1 h3 46. Kg1 f3
47. Kh1 Kf2 48. Kh2 Ke1 49. Kg1 f2+ 50. Kh2 f1=Q 51. Kg3 Qf2+ 52. Kxh3 Qg1 53.
Kh4 Kf2 54. Kh5 Kf3 55. Kh6 Kf4 56. Kh7 Kf5 0-1

[Event "AUTO-INT-3103"]
[Site "http://www.queenalice.com/game.php?id=1442444"]
[Date "2016.9.23"]
[Round "2"]
[White "commodoro"]
[Black "Lamorteoscura77"]
[Result "0-1"]
[WhiteElo "1609"]
[BlackElo "2135"]

1. e4 e6 2. d3 d5 3. exd5 exd5 4. d4 Bd6 5. c4 c6 6. cxd5 Bb4+ 7. Nc3 Qxd5 8. a3
Bxc3+ 9. bxc3 Nf6 10. Bd3 O-O 11. c4 Qxg2 12. Qf3 Re8+ 13. Be3 Qxf3 14. Nxf3 Bg4
15. Ne5 Bh5 16. O-O Nbd7 17. Nxd7 Nxd7 18. d5 Ne5 19. Bc2 Nxc4 20. dxc6 bxc6 21.
Be4 Rxe4 22. Kg2 Nxe3+ 23. fxe3 Rxe3 24. a4 Rae8 25. Rae1 Rxe1 26. Rxe1 Rxe1 27.
Kg3 Re4 28. a5 c5 0-1

[Event "AUTO-INT-3103"]
[Site "http://www.queenalice.com/game.php?id=1442445"]
[Date "2016.9.23"]
[Round "2"]
[White "Lamorteoscura77"]
[Black "commodoro"]
[Result "1-0"]
[WhiteElo "2158"]
[BlackElo "1605"]

1. e4 e5 2. Nf3 Nc6 3. Bb5 Nd4 4. Nxd4 exd4 5. O-O c6 6. Bc4 d5 7. exd5 cxd5 8.
Bb5+ Bd7 9. c4 Bxb5 10. cxb5 Bc5 11. Re1+ Ne7 12. d3 O-O 13. Bf4 a6 14. bxa6
Rxa6 15. Nd2 Ng6 16. Bg3 Bb4 17. a3 Bd6 18. Qf3 Bxg3 19. hxg3 f6 20. b4 Ne5 21.
Qe2 Qd6 22. f4 Nc6 23. b5 Rb6 24. bxc6 Rxc6 25. Nb3 g5 26. Nxd4 Rc5 27. Qe6+
Qxe6 28. Rxe6 Rc3 29. Re3 Kf7 30. fxg5 fxg5 31. a4 Re8 32. Kf2 g4 33. Rxe8 Kxe8
34. Ke3 Kf7 35. Rb1 Rc7 36. Rb6 Re7+ 37. Kf4 Ke8 38. Re6 Kf7 39. Rxe7+ Kxe7 40.
Ke5 h5 41. Kxd5 Kd7 42. a5 Kc7 43. Kc5 Kb8 44. Kb6 1-0

[Event "Challenge"]
[Site "http://www.queenalice.com/game.php?id=1456486"]
[Date "2016.12.25"]
[Round "-"]
[White "commodoro"]
[Black "Vin100"]
[Result "1-0"]
[WhiteElo "1584"]
[BlackElo "1604"]

1. e4 e5 2. Bc4 Nf6 3. d3 c6 4. Bb3 d5 5. Nc3 d4 6. Nce2 Bd6 7. Nf3 b5 8. a4 a6
9. axb5 cxb5 10. Ng5 O-O 11. O-O Qe7 12. c3 Nc6 13. c4 Bc5 14. cxb5 Nb4 15. Ra5
Bd7 16. Bc4 Bxb5 17. Bxb5 axb5 18. Rxb5 Rfb8 19. Rxb8+ Rxb8 20. Qb3 Nc6 21. Qa4
h6 22. Qxc6 hxg5 23. Bxg5 Rxb2 24. f4 Qd6 25. Qc8+ Qf8 26. Qf5 Rxe2 27. fxe5 Nh5
28. Qg4 Re3 29. Qxh5 Rxd3 30. e6 f6 31. Bh4 Re3 32. Qd5 g5 33. Bxg5 d3 34. e7+
Qf7 35. e8=Q+ Kg7 36. Qexf7+ 1-0

[Event "Challenge"]
[Site "http://www.queenalice.com/game.php?id=1456487"]
[Date "2016.12.25"]
[Round "-"]
[White "Vin100"]
[Black "commodoro"]
[Result "1-0"]
[WhiteElo "1537"]
[BlackElo "1603"]

1. e4 e6 2. d4 d5 3. e5 Nc6 4. c3 f6 5. f4 f5 6. Nf3 a6 7. b4 b5 8. Be3 a5 9.
Bxb5 axb4 10. Bxc6+ Bd7 11. Bxa8 Qxa8 12. Qb3 Qa5 13. h3 c5 14. O-O Ba4 15. Qb2
Be7 16. Ng5 Bd7 17. Rc1 h6 18. Nf3 h5 19. a3 Qb6 20. Nbd2 Nh6 21. Bf2 O-O 22. c4
Bc6 23. Ng5 Bd7 24. cxd5 exd5 25. dxc5 Qc7 26. Qxb4 Rc8 27. Qb6 1-0